Loading...
| History - World | 0 | 4 | 0 | 1 | 40 | 95 | 118.25 | 0 | 0 | 2.93 | 11.16 |
| Science - Biology | 0 | 3 | 0 | 3 | 30 | 110 | 112.33 | 0 | 1 | 0.08 | 8.10 |
| Fine Arts - Painting and Sculpture | 0 | 2 | 0 | 0 | 20 | 95 | 103.50 | 0 | 0 | 3.27 | 4.55 |
| Social Science | 0 | 2 | 0 | 1 | 20 | 69 | 89.00 | 0 | 0 | 3.39 | 4.46 |
| Literature - World | 0 | 1 | 0 | 0 | 10 | 118 | 118.00 | 0 | 0 | 1.14 | 1.65 |
| History - Other | 0 | 1 | 0 | 0 | 10 | 112 | 112.00 | 0 | 0 | 0.88 | 2.48 |
| Other Academic | 0 | 1 | 0 | 0 | 10 | 84 | 84.00 | 0 | 0 | 12.59 | 23.33 |
| Science - Chemistry | 0 | 1 | 0 | 1 | 10 | 97 | 97.00 | 0 | 0 | 0.00 | 1.65 |
| History - European | 0 | 1 | 1 | 0 | 5 | 103 | 103.00 | 0 | 0 | 0.88 | 3.31 |
| Science - Other | 0 | 1 | 1 | 1 | 5 | 120 | 120.00 | 0 | 0 | 0.00 | 0.83 |
| Fine Arts - Classical Music | 0 | 1 | 1 | 1 | 5 | 118 | 118.00 | 0 | 0 | 0.23 | 0.91 |
| History - American | 0 | 0 | 0 | 0 | 0 | 0.00 | 0 | 0 | 0.00 | 0.00 | |
| Mythology | 0 | 0 | 1 | 0 | -5 | 0.00 | 0 | 0 | 0.00 | 0.00 | |
| Literature - American | 0 | 0 | 1 | 0 | -5 | 0.00 | 0 | 0 | 0.00 | 0.00 | |
| Popular Culture | 0 | 0 | 2 | 0 | -10 | 0.00 | 0 | 0 | 0.00 | 0.00 |